00292nam a22001097a 4500020001500000040000900015082001800024100002000042245004300062260003400105650004300139 a0890067813 cNust a621.3825bELB aBruce R. Albert aThe satellite communication Handbook aBoston:bArtech House,c1997. aThe satellite communication Handbook